000 00970nam a2200253 i 4500
001 106473
003 ES-MaACL
005 20250812062526.0
007 t|
008 221106s1962 sp ||||1| spa d
080 _a070
100 1 _aFontán, Antonio.
_951585
245 1 0 _aSituación y perspectivas de la prensa actual /
_cAntonio Fontán.
260 _aMadrid :
_bAteneo,
_c1962.
300 _a38 p. ;
_c19 cm.
490 1 _aColección "O crece o muere" ;
_v169
500 _aEste trabajo fue dado a conocer por su autor en la conferencia pronunciada en la Asocición de la Prensa de San Sebastián el día 4 de mayo de 1961, en los actos conmemorativos de las bodas de oro de esa institución -- Verso portada.
650 1 4 _aPrensa.
_916351
710 2 _aAteneo de Madrid.
_91875
830 0 0 _aColección "O crece o muere"
_v169
_9183476
852 _aES-MaACL
_j2208-F-11
_bR.138060
852 _aES-MaACL
_j2208-F-12
_bR.138106
999 _c106473
_d106473